|
|
|
|
| LEADER |
00000nam0a2200000 4500 |
| 001 |
27573 |
| 005 |
20231030202225.0 |
| 010 |
|
|
|a 5931960260
|
| 035 |
|
|
|a (RuTPU)RU\TPU\book\27825
|
| 035 |
|
|
|a BOOK00027900
|
| 090 |
|
|
|a 27573
|
| 100 |
|
|
|a 20011209d2000 km a0rusy50 ca
|
| 101 |
0 |
|
|a rus
|
| 102 |
|
|
|a RU
|
| 105 |
|
|
|a y g 000zy
|
| 200 |
1 |
|
|a Подготовка и оформление документов для органов власти Российской Федерации
|e справочник руководителя, референта, секретаря
|f сост.: Д. Ю. Бирюков
|
| 210 |
|
|
|a Москва
|c НЦ ЭНАС
|d 2000
|
| 215 |
|
|
|a 136 с.
|
| 610 |
1 |
|
|a документалистика
|
| 610 |
1 |
|
|a документы
|
| 610 |
1 |
|
|a оформление
|
| 610 |
1 |
|
|a составление
|
| 610 |
1 |
|
|a язык
|
| 610 |
1 |
|
|a стиль
|
| 610 |
1 |
|
|a Российская Федерация
|
| 610 |
1 |
|
|a органы власти
|
| 610 |
1 |
|
|a органы государственного управления
|
| 610 |
1 |
|
|a официально-деловой стиль
|
| 610 |
1 |
|
|a образцы документов
|
| 610 |
1 |
|
|a справочники
|
| 610 |
1 |
|
|a управление
|
| 675 |
|
|
|a 651.4/9(035)
|v 3
|
| 686 |
|
|
|a Х621.011я2
|v LBC/SL-A
|2 rubbk
|
| 702 |
|
1 |
|a Бирюков
|b Д. Ю.
|4 220
|
| 801 |
|
0 |
|a RU
|b 63413507
|c 20011209
|g PSBO
|
| 801 |
|
2 |
|a RU
|b 63413507
|c 20160408
|g PSBO
|
| 942 |
|
|
|c BK
|